000 00409nmm a2200157Ia 4500
008 251105s9999||||xx |||||||||||||||||und||
041 _aspa
100 _aDiolch, Aileen
245 0 _a¿Por qué no?
264 _a[Madrid, España] :
_bTerciopelo,
_c2014
300 _a59 páginas
490 _aTerciopelo
650 _aRomance
856 _uhttps://public.digitaliapublishing.com/a/33276
942 _cCF
999 _c100827
_d100827